MARC

LEADER 00000nam0a2200000 4500
001 23992
005 20231030200028.0
010 |a 589334135X 
035 |a (RuTPU)RU\TPU\book\24217 
035 |a BOOK00000001 
090 |a 23992 
100 |a 20011209d2000 k y0rusy50 ca 
101 0 |a rus 
102 |a RU 
105 |a a z 000zy 
200 1 |a Логическая физика элементарных частиц  |f Г. Ш. Киракосян 
210 |a Москва  |c Гном-Пресс  |d 1999 
215 |a 124 с.  |c ил. 
610 1 |a физика 
610 1 |a элементарные частицы 
610 1 |a материя 
610 1 |a фотон 
610 1 |a локализованный квант 
610 1 |a электромагнитное поле 
610 1 |a электроны 
610 1 |a нейтроны 
610 1 |a протоны 
610 1 |a статические поля 
610 1 |a элементарная физика 
675 |a 539.12:1  |v 3 
700 1 |a Киракосян  |b Г. Ш.  |g Геворк Шаваршович 
801 0 |a RU  |b 63413507  |c 20011209  |g PSBO 
801 2 |a RU  |b 63413507  |c 20210225  |g PSBO 
942 |c BK